| 000 | 01866aam a2200421 i 4500 | ||
|---|---|---|---|
| 001 | 768714001 | ||
| 003 | CO-MdFUSB | ||
| 005 | 20240722145810.0 | ||
| 007 | ta | ||
| 007 | cr ua aaaaa | ||
| 008 | 230203t2008 sp |||| |||| 00| 0 spa d | ||
| 020 |
_a9788482675206 _qimpreso |
||
| 020 |
_a9788482676517 _qelectrónico |
||
| 040 |
_bspa. _aCO-MdFUSB _cCO-MdFUSB _dCO-MdFUSBC _erda |
||
| 041 | _aspa | ||
| 082 | 0 | 4 |
_a266 _223 _bG6431j |
| 100 | 1 |
_aGonzález, Justo Luis _eautor |
|
| 245 | 1 | 0 |
_aHistoria general de las misiones _c/ Justo L. González , Carlos F. Cardoza _h[físico y electrónico] |
| 264 | 1 |
_aViladecavalls, España : _bClie, _c[2008] |
|
| 264 | 4 | _c© 2008 | |
| 300 |
_a314 páginas _c; 22 cm |
||
| 336 |
_atexto _btxt _2rdacontent |
||
| 337 |
_2rdamedia _asin mediación _bn |
||
| 337 |
_2rdamedia _ainformático _bc |
||
| 338 |
_2rdacarrier _avolumen _bnc |
||
| 338 |
_2rdacarrier _aremoto _bcr |
||
| 505 | _aBiblia, misión e historia de las misiones - Las misiones en la Edad Antigua - Las misiones medievales - Las misiones en la edad moderna - Las misiones en la Época contemporánea - Las misiones en el Lejano Oriente y el Sur del Pacífico - Las misiones en el mundo musulmán - Las misiones en África Ecuatorial y Meridional - El cristianismo en América Latina... | ||
| 506 | _aPréstamo en biblioteca del libro físico | ||
| 506 | _aSolicitar clave y usuario para acceder al libro electrónico. | ||
| 506 | _aLibro multiusuario. | ||
| 563 | _aRústico | ||
| 650 | 0 |
_aMisiones _96734 _xHistoria. |
|
| 700 |
_95579 _aCardoza-Orlandi, Carlos F., _eautor |
||
| 856 |
_b2168413 _uhttps://search.ebscohost.com/login.aspx?direct=true&db=nlebk&AN=2168413&lang=es&site=ehost-live _zAbrir Versión electrónica del libro Historia general de las misiones |
||
| 942 | _cBK | ||
| 945 | _aJTF-925 | ||
| 999 |
_c42372 _d42372 |
||